Normal view
MARC view
Entry Personal Name
001 - CONTROL NUMBER
- control field: 26904
003 - CONTROL NUMBER IDENTIFIER
- control field: ARRUPE
005 - DATE AND TIME OF LATEST TRANSACTION
- control field: 20161024095620.0
008 - FIXED-LENGTH DATA ELEMENTS
- fixed length control field: 161024|| aca||aabn | a|a d
040 ## - CATALOGING SOURCE
- Original cataloging agency: ARRUPE
- Transcribing agency: ARRUPE
100 ## - HEADING--PERSONAL NAME
- Personal name: Wolf, Eric R.,
- Dates associated with a name: 1923-1999.
670 ## - SOURCE DATA FOUND
- Source citation: Work cat.: (ARRUPE)0: Wolf, Eric R., 1923-1999., Peasant wars of the twentieth century /, c1973.